kpop members - Statistics

General Stats
  • This quiz has been taken 168 times
  • The average score is 54 of 63
Answer Stats
Hint Answers % Correct
jimin
99%
jun
99%
jungkook
99%
bts rm
99%
san
99%
v
99%
felix
98%
jhope
97%
jin
97%
suga
97%
stray kids bangchan
96%
han
94%
hyunjin
94%
in
93%
jennie
93%
jisoo
93%
black pink lisa
93%
rose
93%
lee know
92%
seungmin
92%
changbin
91%
txt soobin
90%
mamamoo hwasa
89%
momo
88%
seventeen scoups
88%
yeji
88%
taehyun
87%
mina
86%
nayeon
86%
itzy ryujin
86%
twice sana
86%
tzuyu
86%
woozi
86%
dino
85%
lia
85%
the8
85%
beomgyu
84%
hueningkai
84%
jihyo
84%
solar
84%
vernon
84%
yeonjun
84%
yuna
84%
hoshi
83%
mingyu
82%
chaeyoung
81%
dahyun
81%
dk
80%
joshua
80%
seungkwan
80%
jeongyeon
79%
mingi
79%
chaeryeong
78%
moonbyul
78%
wheein
78%
wooyoung
76%
wonwoo
75%
ateez hongjoong
72%
jeonghan
72%
seonghwa
71%
jongho
70%
yeosang
69%
yunho
68%
No matching quizzes found
Score Distribution
Percent of People with Each Score
Percentile by Number Answered
Your Score History
You have not taken this quiz